Az 1956-os szuezi válság következményei a bipoláris világrendben

Bibliographic Details
Main Author: Baranyi Kata Katica
Other Authors: Kapás Anita
Sáringer Dr. habil János
Format: Thesis
Kulcsszavak:20. század
hidegháború
Izrael
magyar történelem
világtörténelem
Online Access:http://dolgozattar.uni-bge.hu/58072

MARC

LEADER 00000nta a2200000 i 4500
001 dolg58072
005 20250923125538.0
008 250923suuuu hu om 000 hun d
040 |a BGE Dolgozattár Repozitórium  |b hun 
041 |a hu 
100 1 |a Baranyi Kata Katica 
245 1 3 |a Az 1956-os szuezi válság következményei a bipoláris világrendben  |c Baranyi Kata Katica  |h [elektronikus dokumentum] 
520 3 |a Szakdolgozatom témájának az 1956 októberében lezajló szuezi válságot választottam. Témaválasztásom oka az volt, hogy a nemzetközi események tükrében megvizsgáljam a válság fontosságát, szerepét a hidegháború menetében. A dolgozat elsődleges célja az, hogy szembeállítsam a két szuperhatalom érdekeit a közel-keleti térségben és megvizsgáljam, hogy hatással van-e a fennálló bipoláris világrendre. A tét a tárgyalt időszakban a harmadik világháború fenyegetése, a fegyverkezési verseny súlyosbodása és a két nagyhatalom viszonyának változása – esetleges javulása vagy elmérgesedése. A nemzetközi vonatkozások mellett nem hagyom figyelmen kívül a magyar forradalom eseményeinek alakulását sem. A dolgozat másodlagos célja azt megvizsgálni, hogy a szuezi válság mennyiben befolyásolta a Magyarországon zajló eseményeket. Hogyan hatott a szuezi válság a két szuperhatalom beavatkozási lehetőségeire a magyar forradalom vonatkozásában. 
695 |a 20. század 
695 |a hidegháború 
695 |a Izrael 
695 |a magyar történelem 
695 |a világtörténelem 
700 1 |a Kapás Anita  |e ths 
700 1 |a Sáringer Dr. habil János  |e ths 
856 4 0 |u http://dolgozattar.uni-bge.hu/58072/1/Baranyi%20Katica%20-%20Szakdolgozat_2025..pdf  |z Dokumentum-elérés 
856 4 0 |u http://dolgozattar.uni-bge.hu/58072/2/Baranyi%20Katica_b%C3%ADr%C3%A1lat.pdf  |z Dokumentum-elérés 
856 4 0 |u http://dolgozattar.uni-bge.hu/58072/3/Baranyi%20Kata_b%C3%ADr%C3%A1lati%20lap.pdf  |z Dokumentum-elérés